Differential equations with applications and historical notes
Saved in:
| Main Authors: | , |
|---|---|
| Format: | Book |
| Language: | English |
| Published: |
Nueva York
McGraw Hill Inc.
1991
|
| Edition: | 2a. ed |
| Series: | International Series in Pure and Applied Mathematics
|
| Subjects: | |
| Tags: |
Add Tag
No Tags, Be the first to tag this record!
|
MARC
| LEADER | 00000cam a2200000 a 4500 | ||
|---|---|---|---|
| 001 | UCE9920 | ||
| 003 | CL-VaPUC | ||
| 008 | 151112e19910000us |||||||||||||||||eng|d | ||
| 020 | |a 0070575401 | ||
| 082 | 0 | 4 | |a 515.352 |b SIM |2 21 |
| 100 | 0 | |a Simmons, George F |e author |9 582903 | |
| 700 | 0 | |a Robertson, John S |e author |9 582904 | |
| 245 | 1 | 0 | |a Differential equations with applications and historical notes |
| 250 | |a 2a. ed | ||
| 300 | |a 629 p | ||
| 942 | |c BK | ||
| 945 | |d 20151112 20:22:00 |a dcastane | ||
| 260 | |a Nueva York |b McGraw Hill Inc. |c 1991 | ||
| 650 | 0 | |a Ecuaciones diferenciales |9 260083 | |
| 583 | |a last modification |c 20151112 20:22:00 |k Rodrigo Vera | ||
| 490 | 0 | |a International Series in Pure and Applied Mathematics | |
| 999 | |c 361562 |d 361560 | ||
| 952 | |0 0 |1 0 |3 erd |4 0 |6 515_352000000000000_SIM_1991 |7 0 |8 A |9 472152 |a BIBMAT |b BIBMAT |i 5247896 |l 4 |m 7 |o 515.352 SIM 1991 |p 5247896 |r 2025-01-07 |s 2023-05-04 |w 2019-11-24 |y BK |z Catalogado en:20151112 |k MAT | ||